000 00604nam a2200181Ia 4500
003 GCL
008 140319s9999 xx 000 0 ara d
020 _a787215977
040 _aGCL /
_cGCL
082 0 4 _a410.6
_bك م
100 1 _aكمال بشر
245 1 0 _aمجمعيات /
_cكمال بشر
260 _aالقاهرة :
_bدار غريب للطباعة والنشر والتوزيع ،
_c2004
650 0 4 _aمجمع اللغة العربية
650 0 4 _aاللغة العربية - الجمعيات الاهلية
650 0 4 _aاللغة العربية - المعانى
942 _2ddc
_cBK
999 _c7892
_d7892